<?xml version="1.0" encoding="UTF-8"?>
<record
    xmlns:xsi="http://www.w3.org/2001/XMLSchema-instance"
    xsi:schemaLocation="http://www.loc.gov/MARC21/slim http://www.loc.gov/standards/marcxml/schema/MARC21slim.xsd"
    xmlns="http://www.loc.gov/MARC21/slim">

  <leader>01072nam a22002057a 4500</leader>
  <datafield tag="999" ind1=" " ind2=" ">
    <subfield code="c">62645</subfield>
    <subfield code="d">62645</subfield>
  </datafield>
  <controlfield tag="003">Ge_BSU</controlfield>
  <controlfield tag="005">20241227112023.0</controlfield>
  <controlfield tag="008">241227s1955    ge ||||| |||| 00| 0 geo d</controlfield>
  <datafield tag="041" ind1=" " ind2=" ">
    <subfield code="a">geo</subfield>
  </datafield>
  <datafield tag="080" ind1=" " ind2=" ">
    <subfield code="a">618.3-06 &#x10E3;-73</subfield>
  </datafield>
  <datafield tag="100" ind1=" " ind2=" ">
    <subfield code="a">&#x10E3;&#x10E1;&#x10E2;&#x10D8;&#x10D0;&#x10E8;&#x10D5;&#x10D8;&#x10DA;&#x10D8;, &#x10D0;.</subfield>
    <subfield code="9">24033</subfield>
  </datafield>
  <datafield tag="245" ind1=" " ind2=" ">
    <subfield code="a">&#x10D3;&#x10D0;&#x10EE;&#x10DB;&#x10D0;&#x10E0;&#x10D4;&#x10D1;&#x10D0; &#x10D2;&#x10D0;&#x10E0;&#x10D7;&#x10E3;&#x10DA;&#x10D4;&#x10D1;&#x10E3;&#x10DA;&#x10D8; &#x10DB;&#x10E8;&#x10DD;&#x10D1;&#x10D8;&#x10D0;&#x10E0;&#x10DD;&#x10D1;&#x10D8;&#x10E1; &#x10E8;&#x10D4;&#x10DB;&#x10D7;&#x10EE;&#x10D5;&#x10D4;&#x10D5;&#x10D4;&#x10D1;&#x10E8;&#x10D8; : </subfield>
    <subfield code="b">&#x10D3;&#x10D0;&#x10DB;&#x10EE;&#x10DB;. &#x10E1;&#x10D0;&#x10EE;&#x10D4;&#x10DA;&#x10DB;&#x10EB;&#x10E6;&#x10D5;. &#x10D4;&#x10E5;&#x10D8;&#x10DB;&#x10D7;&#x10D0;&#x10D7;&#x10D5;&#x10D8;&#x10E1; / </subfield>
    <subfield code="c"> &#x10D0;.&#x10D3;. &#x10E3;&#x10E1;&#x10E2;&#x10D8;&#x10D0;&#x10E8;&#x10D5;&#x10D8;&#x10DA;&#x10D8;, &#x10D0;.&#x10DE;. &#x10D2;&#x10D5;&#x10D4;&#x10E0;&#x10D3;&#x10EC;&#x10D8;&#x10D7;&#x10D4;&#x10DA;&#x10D8;, &#x10DB;.&#x10D6;. &#x10EF;&#x10D8;&#x10DC;&#x10ED;&#x10D0;&#x10E0;&#x10D0;&#x10EB;&#x10D4;.</subfield>
  </datafield>
  <datafield tag="264" ind1=" " ind2=" ">
    <subfield code="a">&#x10D7;&#x10D1;. : </subfield>
    <subfield code="b">&#x10E1;&#x10D0;&#x10E5;&#x10DB;&#x10D4;&#x10D3;&#x10D2;&#x10D0;&#x10DB;&#x10D8;, </subfield>
    <subfield code="c">1955.</subfield>
  </datafield>
  <datafield tag="300" ind1=" " ind2=" ">
    <subfield code="a">324 &#x10D2;&#x10D5;. : </subfield>
    <subfield code="b">&#x10D8;&#x10DA;. ; </subfield>
    <subfield code="c">21 &#x10E1;&#x10DB;.</subfield>
  </datafield>
  <datafield tag="653" ind1=" " ind2=" ">
    <subfield code="a">&#x10D2;&#x10D0;&#x10E0;&#x10D7;&#x10E3;&#x10DA;&#x10D4;&#x10D1;&#x10E3;&#x10DA;&#x10D8; &#x10DB;&#x10E8;&#x10DD;&#x10D1;&#x10D8;&#x10D0;&#x10E0;&#x10DD;&#x10D1;&#x10D0;</subfield>
  </datafield>
  <datafield tag="653" ind1=" " ind2=" ">
    <subfield code="a">&#x10DB;&#x10D4;&#x10D3;&#x10D8;&#x10EA;&#x10D8;&#x10DC;&#x10D0;</subfield>
  </datafield>
  <datafield tag="700" ind1=" " ind2=" ">
    <subfield code="a">&#x10D2;&#x10D5;&#x10D4;&#x10E0;&#x10D3;&#x10EC;&#x10D8;&#x10D7;&#x10D4;&#x10DA;&#x10D8;, &#x10D0;., </subfield>
    <subfield code="e">&#x10D0;&#x10D5;&#x10E2;&#x10DD;&#x10E0;&#x10D8;</subfield>
    <subfield code="9">24036</subfield>
  </datafield>
  <datafield tag="700" ind1=" " ind2=" ">
    <subfield code="a">&#x10EF;&#x10D8;&#x10DC;&#x10ED;&#x10D0;&#x10E0;&#x10D0;&#x10EB;&#x10D4;, &#x10DB;., </subfield>
    <subfield code="e">&#x10D0;&#x10D5;&#x10E2;&#x10DD;&#x10E0;&#x10D8;</subfield>
    <subfield code="9">24037</subfield>
  </datafield>
  <datafield tag="942" ind1=" " ind2=" ">
    <subfield code="2">udc</subfield>
    <subfield code="c">&#x1CAC;&#x1C98;&#x1C92;&#x1C9C;&#x1C98;</subfield>
  </datafield>
  <datafield tag="952" ind1=" " ind2=" ">
    <subfield code="0">0</subfield>
    <subfield code="1">0</subfield>
    <subfield code="2">udc</subfield>
    <subfield code="4">0</subfield>
    <subfield code="6">618306_&#x10E3;73</subfield>
    <subfield code="7">0</subfield>
    <subfield code="9">101565</subfield>
    <subfield code="a">CPL</subfield>
    <subfield code="b">CPL</subfield>
    <subfield code="c">GEN</subfield>
    <subfield code="d">2024-12-27</subfield>
    <subfield code="g">1.25</subfield>
    <subfield code="o">618.3-06 &#x10E3;-73</subfield>
    <subfield code="p">70107</subfield>
    <subfield code="r">2024-12-27</subfield>
    <subfield code="t">70107</subfield>
    <subfield code="w">2024-12-27</subfield>
    <subfield code="y">&#x1CAC;&#x1C98;&#x1C92;&#x1C9C;&#x1C98;</subfield>
    <subfield code="z">1 &#x10DA;. 25 &#x10D7;.</subfield>
  </datafield>
  <datafield tag="952" ind1=" " ind2=" ">
    <subfield code="0">0</subfield>
    <subfield code="1">0</subfield>
    <subfield code="2">udc</subfield>
    <subfield code="4">0</subfield>
    <subfield code="6">618306_&#x10E3;73</subfield>
    <subfield code="7">0</subfield>
    <subfield code="9">101566</subfield>
    <subfield code="a">CPL</subfield>
    <subfield code="b">CPL</subfield>
    <subfield code="c">GEN</subfield>
    <subfield code="d">2024-12-27</subfield>
    <subfield code="g">1.25</subfield>
    <subfield code="o">618.3-06 &#x10E3;-73</subfield>
    <subfield code="p">70108</subfield>
    <subfield code="r">2024-12-27</subfield>
    <subfield code="t">70108</subfield>
    <subfield code="w">2024-12-27</subfield>
    <subfield code="y">&#x1CAC;&#x1C98;&#x1C92;&#x1C9C;&#x1C98;</subfield>
    <subfield code="z">1 &#x10DA;. 25 &#x10D7;.</subfield>
  </datafield>
</record>
